| 000 | 00377nam a2200157Ia 4500 | ||
|---|---|---|---|
| 008 | 230524s9999 xx 000 0 und d | ||
| 082 |
_a6.133 _bGOD |
||
| 100 | _aAchyut S.Godbole | ||
| 245 | 0 | _aData Communications and Networks | |
| 250 | _a1ST | ||
| 260 |
_aNEW DELHI _bTMH _c2006 |
||
| 300 | _aXIX;275 | ||
| 500 | _aQuantity Number: 4 | ||
| 650 | _aComp-Sc | ||
| 942 | _cBK | ||
| 999 |
_c37225 _d37225 |
||